000 00589nam a2200205Ia 4500
003 GCL
008 140319s9999 xx 000 0 ara d
040 _aGCL /
_cGCL
082 0 4 _a658.465
_bك ق
100 1 _aكينات, كيت
245 1 0 _aقواعد ادارة الاجتماعات /
_cكينات, كيت
300 _a63 ص
490 _aسلسلة الدليل الادارى
_v0
650 0 4 _aادارة الاعمال
650 0 4 _aالادارة
650 0 4 _aالمؤتمرات
650 0 4 _aالمناقشات
650 0 4 _aغرف المؤتمرات
942 _2ddc
_cBK
999 _c49724
_d49724